[Event "41st IT Bosna 2011"]
[Site "Sarajevo"]
[Date "2011.05.08"]
[Round "5.37"]
[White "Sadikovic, Samir"]
[Black "Patrucic, Miroslav"]
[Result "1-0"]
[WhiteElo "2167"]
[BlackElo "2039"]
[PlyCount "71"]
[EventDate "2011.05.03"]

1. e4 c5 2. Nf3 Nc6 3. d4 cxd4 4. Nxd4 e6 5. c4 Nxd4 6. Qxd4 b6 7. Nc3 Qc7 8.
Nb5 Qc6 9. Bf4 Bb4+ 10. Kd1 Kf8 11. a3 Bc5 12. Bd6+ Bxd6 13. Nxd6 f6 14. f4 Ne7
15. Be2 Qa4+ 16. Ke1 Nc6 17. Qd2 Nd8 18. Rd1 Ke7 19. b3 Qc6 20. Bf3 Qc7 21. Nb5
Qb8 22. Qb4+ Kf7 23. Nd6+ Kg8 24. e5 Nc6 25. Qc3 f5 26. b4 a6 27. b5 axb5 28.
cxb5 Ne7 29. Bxa8 Qxa8 30. Nxc8 Nxc8 31. Rxd7 h6 32. Qc6 Qa5+ 33. Kf2 Kh7 34.
Qxe6 Rf8 35. Qb3 Na7 36. Rb1 1-0

[Event "41st IT Bosna 2011"]
[Site "Sarajevo"]
[Date "2011.05.08"]
[Round "5.40"]
[White "Dedijer, Mira"]
[Black "Marjanovic, Dejan"]
[Result "1-0"]
[WhiteElo "1968"]
[BlackElo "2149"]
[PlyCount "145"]
[EventDate "2011.05.03"]

1. e4 c5 2. Nf3 d6 3. d4 cxd4 4. Nxd4 Nf6 5. Nc3 a6 6. Be3 e5 7. Nf3 Be7 8. Bc4
O-O 9. O-O Nc6 10. Bb3 h6 11. Qe2 b5 12. Nd5 Nxd5 13. Bxd5 Qc7 14. c4 b4 15.
Rfc1 Bb7 16. c5 Rfc8 17. Qc4 dxc5 18. Bxf7+ Kh8 19. Bg6 Nd4 20. Bxd4 exd4 21.
Bf5 Rf8 22. Nxd4 Qe5 23. Qe6 Bf6 24. Qxe5 Bxe5 25. Ne6 Bxb2 26. Nxf8 Rxf8 27.
Rab1 Bxc1 28. Rxc1 g6 29. Bxg6 Rc8 30. e5 Bd5 31. Bb1 c4 32. f4 a5 33. Rd1 Rc5
34. Kf2 c3 35. Rc1 a4 36. Ke3 Be6 37. f5 Bg8 38. e6 Kg7 39. Kd4 Rc8 40. Bc2 Kf6
41. Bxa4 Ra8 42. Bb3 Bh7 43. Kc5 Bxf5 44. Kxb4 c2 45. Bxc2 Rb8+ 46. Kc3 Bxe6
47. Bb3 Bd7 48. Re1 Rc8+ 49. Kb4 Rb8+ 50. Kc5 Rb5+ 51. Kd6 Rb7 52. Rf1+ Kg6 53.
Bf7+ Kg5 54. Bd5 Rb5 55. Rf2 Be8 56. Re2 Bg6 57. Bc6 Rb1 58. a4 h5 59. Ra2 Bf7
60. Ra3 Rb2 61. a5 Rd2+ 62. Ke7 Bc4 63. a6 Re2+ 64. Kd6 Rd2+ 65. Kc5 Bxa6 66.
Rxa6 h4 67. h3 Rd8 68. Bf3 Rd2 69. Ra4 Rf2 70. Rg4+ Kh5 71. Kd4 Ra2 72. Kc3 Rf2
73. Kd3 1-0

[Event "41st IT Bosna 2011"]
[Site "Sarajevo"]
[Date "2011.05.08"]
[Round "5.41"]
[White "Brkic, Mustafa"]
[Black "Grahovac, Danijel"]
[Result "1-0"]
[WhiteElo "2143"]
[BlackElo "1963"]
[PlyCount "75"]
[EventDate "2011.05.03"]

1. b3 d5 2. e3 Nf6 3. f4 e6 4. Nf3 c5 5. Nc3 g6 6. Bb2 Bg7 7. Na4 b6 8. Bb5+
Bd7 9. Qe2 O-O 10. O-O Bxb5 11. Qxb5 Qd7 12. Qe2 Nc6 13. Ne5 Qc7 14. Rac1 Rfd8
15. Nxc6 Qxc6 16. Be5 b5 17. Nb2 c4 18. d3 c3 19. Nd1 b4 20. a4 Nd7 21. Bxg7
Kxg7 22. Nf2 f5 23. g4 Nc5 24. Rce1 Rf8 25. Qf3 Qd7 26. e4 Rae8 27. Re2 d4 28.
gxf5 exf5 29. e5 Ne6 30. h4 Rc8 31. Nh3 Qc6 32. Qg3 Nc7 33. Kh2 Nd5 34. Ng5 Ne3
35. Rxe3 dxe3 36. Qxe3 h6 37. Qxa7+ Rc7 38. Qxc7+ 1-0

[Event "41st IT Bosna 2011"]
[Site "Sarajevo"]
[Date "2011.05.08"]
[Round "5.42"]
[White "Jacimovic, Sara"]
[Black "Hadzovic, Amir"]
[Result "1-0"]
[WhiteElo "1959"]
[BlackElo "2143"]
[PlyCount "139"]
[EventDate "2011.05.03"]

1. e4 d6 2. Nc3 c6 3. d4 Nf6 4. f3 Qa5 5. Bd3 e5 6. dxe5 dxe5 7. Be3 Be6 8.
Nge2 Nbd7 9. a3 Be7 10. b4 Qc7 11. O-O Rd8 12. Qe1 a6 13. Na4 b5 14. Nb2 c5 15.
c3 Nh5 16. Qc1 g6 17. g4 Ng7 18. Kg2 h5 19. h3 f5 20. Bh6 O-O 21. gxf5 gxf5 22.
Rg1 f4 23. Kh2 Rf7 24. Rg2 Bf6 25. Qg1 c4 26. Bc2 Nf8 27. Rd1 Rdd7 28. a4 Qc8
29. Bxg7 Rxg7 30. Qb6 Rxd1 31. Rxg7+ Bxg7 32. Bxd1 Qd7 33. Qxa6 Qd2 34. axb5
Qe3 35. Ng1 Qf2+ 36. Kh1 Bf6 37. Be2 Bh4 38. Nd1 Qg3 39. Bf1 Qe1 40. Be2 Bxh3
41. Bxc4+ Kh7 42. Qb7+ Kh6 43. Qb6+ Kh7 44. Qc7+ Nd7 45. Qc8 Bf6 46. Qg8+ Kh6
47. Be6 Bxe6 48. Qxe6 Qxd1 49. b6 Kg7 50. b7 h4 51. Qg4+ Kf7 52. Qh5+ Kg7 53.
Qg4+ Kf7 54. Qxd7+ Qxd7 55. b8=Q h3 56. Qa8 h2 57. Qa2+ Kg6 58. Qxh2 Qd3 59.
Qg2+ Kf7 60. Qa2+ Kg6 61. Qg8+ Kh6 62. c4 Bh4 63. Qh8+ Kg5 64. Qxe5+ Kg6 65.
Qf5+ Kh6 66. Qxf4+ Bg5 67. Qh2+ Kg6 68. c5 Qc3 69. Qd6+ Kh5 70. c6 1-0

[Event "41st IT Bosna 2011"]
[Site "Sarajevo"]
[Date "2011.05.08"]
[Round "5.43"]
[White "Strinic, Halid"]
[Black "Banduka, Zeljko"]
[Result "1-0"]
[WhiteElo "1903"]
[BlackElo "2133"]
[PlyCount "79"]
[EventDate "2011.05.03"]

1. e4 c6 2. d4 d5 3. e5 Bf5 4. Nd2 e6 5. Ngf3 c5 6. dxc5 Nc6 7. Nb3 Bxc5 8.
Nxc5 Qa5+ 9. c3 Qxc5 10. Be3 Qa5 11. Nd4 Bg6 12. h4 h6 13. h5 Bh7 14. Qg4 Kf8
15. Nb3 Qc7 16. Bc5+ Nge7 17. Bd6 Qb6 18. Qf4 a5 19. O-O-O Ke8 20. g4 a4 21.
Nc5 a3 22. b3 Nc8 23. b4 Nd8 24. Rg1 f6 25. Re1 Qc6 26. Rg3 Nxd6 27. exd6 Kf7
28. g5 hxg5 29. Rxg5 b6 30. Be2 bxc5 31. Rxg7+ Kxg7 32. h6+ Kf7 33. Bh5+ Bg6
34. Bxg6+ Kg8 35. Rg1 Ra7 36. Be8+ Kf8 37. Bxc6 Nxc6 38. Qxf6+ Ke8 39. Qxh8+
Kd7 40. Rg7+ 1-0

[Event "41st IT Bosna 2011"]
[Site "Sarajevo"]
[Date "2011.05.08"]
[Round "5.44"]
[White "Corovic, Sean"]
[Black "Hadzialic, Benjamin"]
[Result "1-0"]
[WhiteElo "2116"]
[BlackElo "1702"]
[PlyCount "43"]
[EventDate "2011.05.03"]

1. d4 e6 2. c4 d5 3. Nf3 Nf6 4. Nc3 Bb4 5. Qb3 Bxc3+ 6. Qxc3 O-O 7. Bg5 dxc4 8.
Qxc4 b6 9. g3 Bb7 10. Bg2 Nbd7 11. O-O c5 12. Rfd1 h6 13. Bf4 Bd5 14. Qa4 Qe7
15. dxc5 Nxc5 16. Qa3 Rfd8 17. Be3 Rac8 18. Rac1 Ng4 19. Bxc5 Rxc5 20. Rxc5
Qxc5 21. Qxc5 bxc5 22. e4 1-0

[Event "41st IT Bosna 2011"]
[Site "Sarajevo"]
[Date "2011.05.08"]
[Round "5.45"]
[White "Uyanik, Mehmet"]
[Black "Cerimovic, Aldin"]
[Result "0-1"]
[WhiteElo "1668"]
[BlackElo "2092"]
[PlyCount "86"]
[EventDate "2011.05.03"]

1. e4 c6 2. d4 d6 3. Nf3 Qc7 4. Nc3 e5 5. d5 Nf6 6. Bg5 Be7 7. Be2 Nbd7 8. O-O
O-O 9. Qd2 Nc5 10. Bxf6 Bxf6 11. b4 Nd7 12. b5 c5 13. Nd1 g6 14. c4 Bg7 15. h4
Nf6 16. Bd3 Qe7 17. Ne3 Nh5 18. Rab1 Kh8 19. g3 Bd7 20. a4 h6 21. Nh2 f5 22.
exf5 gxf5 23. Qe2 Qf7 24. Qd1 Rae8 25. Be2 Nf6 26. Qc2 Ng8 27. Qd1 Re7 28. a5
f4 29. Neg4 e4 30. Qc2 h5 31. Ne3 fxe3 32. fxe3 Qg6 33. Kg2 Be5 34. Kh1 Rxf1+
35. Nxf1 Nf6 36. a6 b6 37. Bd1 Bh3 38. Qf2 Bxf1 39. Qxf1 Qxg3 40. Qe2 Qh3+ 41.
Kg1 Rg7+ 42. Kf2 Qg2+ 43. Ke1 Bc3+ 0-1

[Event "41st IT Bosna 2011"]
[Site "Sarajevo"]
[Date "2011.05.08"]
[Round "5.49"]
[White "Hadziselimovic, Bernardina"]
[Black "Cosovic, Aziz"]
[Result "1-0"]
[WhiteElo "1822"]
[BlackElo "2059"]
[PlyCount "171"]
[EventDate "2011.05.03"]

1. e4 e5 2. Nf3 Nc6 3. d4 exd4 4. Nxd4 Qh4 5. Nb5 Bc5 6. Qf3 Ne5 7. Qf4 Qxf4 8.
Bxf4 Bd6 9. Nxd6+ cxd6 10. Nc3 Nf6 11. O-O-O Ke7 12. Bg5 Neg4 13. Rd2 h6 14.
Nd5+ Kd8 15. Nxf6 gxf6 16. Bh4 Ke7 17. Be2 Rg8 18. Rhd1 Nxh2 19. Rxd6 Ng4 20.
Bxg4 Rxg4 21. Bxf6+ Kf8 22. g3 Kg8 23. Rh1 Kh7 24. Be5 Rg6 25. g4 Rxd6 26. Bxd6
f6 27. Bf4 d5 28. Rxh6+ Kg7 29. exd5 Bxg4 30. Rh4 Bf5 31. d6 Kf7 32. Bg3 Ke6
33. Rd4 Rd8 34. Kd2 Rd7 35. c4 Bh7 36. c5 a6 37. b4 Bf5 38. a4 Bh3 39. b5 Bg2
40. bxa6 bxa6 41. Rb4 Bc6 42. Rd4 Rb7 43. Kc3 Rb1 44. Bf4 Kd7 45. Be3 Ra1 46.
Kb3 Rb1+ 47. Ka2 Rb7 48. Bd2 Ke6 49. Ka3 Bd5 50. Rb4 Kd7 51. Rxb7+ Bxb7 52. Kb4
Kc6 53. Kc4 Kd7 54. f4 f5 55. Kb4 Kc6 56. Be3 Kd7 57. Ka5 Bc6 58. Bf2 Kc8 59.
Kb6 Kd7 60. a5 Bb5 61. Bd4 Bc4 62. c6+ Kxd6 63. Be5+ Ke7 64. Kb7 Bd5 65. Kb6
Kd8 66. c7+ Kc8 67. Kxa6 Kd7 68. Kb6 Be4 69. Kc5 Bb7 70. Kb6 Kc8 71. Bf6 Ba8
72. Bd8 Bb7 73. Kc5 Ba6 74. Kd4 Bb5 75. Ke5 Bd3 76. a6 Be4 77. Ke6 Bd3 78. a7
Be4 79. a8=Q+ Bxa8 80. Kxf5 Kd7 81. Kf6 Bg2 82. f5 Bh3 83. Kg6 Bg4 84. f6 Ke8
85. Kg7 Be6 86. f7+ 1-0

[Event "41st IT Bosna 2011"]
[Site "Sarajevo"]
[Date "2011.05.09"]
[Round "6.3"]
[White "Al-Sayed, Mohammed"]
[Black "Melkumyan, Hrant"]
[Result "0-1"]
[WhiteElo "2485"]
[BlackElo "2580"]
[PlyCount "96"]
[EventDate "2011.05.03"]

1. d4 Nf6 2. c4 g6 3. Nc3 d5 4. Bg5 Bg7 5. Bxf6 Bxf6 6. cxd5 c5 7. dxc5 Qa5 8.
Qd2 Nd7 9. Ne4 Qxd2+ 10. Kxd2 Bxb2 11. Rb1 Ba3 12. e3 Nxc5 13. Bb5+ Kf8 14.
Nxc5 Bxc5 15. Nf3 Kg7 16. Rhc1 Bb6 17. Ke2 Rd8 18. e4 f5 19. Bd3 fxe4 20. Bxe4
Bf5 21. Bxf5 gxf5 22. Rb5 Rac8 23. Rd1 Rc4 24. Rd3 Re4+ 25. Kf1 Rc8 26. Rb1 Rc2
27. Rd2 Rxd2 28. Nxd2 Ra4 29. Rb2 Kf6 30. Nf3 Ra5 31. Rd2 Bc5 32. h3 h5 33. Ke2
Bd6 34. g3 Rc5 35. Kf1 b5 36. Ke2 b4 37. Ne1 a5 38. Nc2 f4 39. g4 Rc3 40. gxh5
Rxh3 41. Nd4 a4 42. Nb5 Ke5 43. Nxd6 exd6 44. Rb2 b3 45. axb3 axb3 46. Rd2 Ke4
47. Rd1 f3+ 48. Kd2 Rh2 0-1

[Event "41st IT Bosna 2011"]
[Site "Sarajevo"]
[Date "2011.05.09"]
[Round "6.4"]
[White "Saric, Ibro"]
[Black "Szabo, Krisztian"]
[Result "1/2-1/2"]
[WhiteElo "2549"]
[BlackElo "2512"]
[PlyCount "43"]
[EventDate "2011.05.03"]

1. c4 Nf6 2. Nc3 e5 3. Nf3 Nc6 4. e4 Bc5 5. Nxe5 O-O 6. Nf3 Nxe4 7. Nxe4 Re8 8.
d3 f5 9. Be2 fxe4 10. dxe4 d6 11. O-O Qf6 12. Qd5+ Be6 13. Qg5 Nd4 14. Nxd4
Qxd4 15. Be3 Qxb2 16. Bxc5 Qxe2 17. Bd4 Qg4 18. Qxg4 Bxg4 19. f3 Be6 20. Rac1
b6 21. Kf2 a6 22. a4 1/2-1/2

[Event "41st IT Bosna 2011"]
[Site "Sarajevo"]
[Date "2011.05.09"]
[Round "6.5"]
[White "Sebenik, Matej"]
[Black "Milanovic, Danilo"]
[Result "1-0"]
[WhiteElo "2524"]
[BlackElo "2494"]
[PlyCount "123"]
[EventDate "2011.05.03"]

1. c4 c5 2. g3 Nc6 3. Bg2 g6 4. Nc3 Bg7 5. Nf3 d6 6. O-O Nf6 7. d4 cxd4 8. Nxd4
Bd7 9. Nxc6 Bxc6 10. e4 O-O 11. Qe2 Nd7 12. Bd2 a6 13. Rab1 b5 14. cxb5 axb5
15. a3 Rb8 16. Rfc1 Ne5 17. Nd5 Qd7 18. Bc3 Rfc8 19. b3 Ba8 20. h3 e6 21. Nb4
Nc6 22. Bxg7 Kxg7 23. Qd2 e5 24. Nxc6 Rxc6 25. Rxc6 Bxc6 26. Rd1 Rd8 27. Qb4
Qc7 28. h4 Kf6 29. Qd2 Kg7 30. h5 Qb7 31. h6+ Kf8 32. Rc1 Ke7 33. Qb4 f6 34.
Kh2 Kf7 35. a4 Ke7 36. a5 Ra8 37. Qc3 Bd7 38. b4 Rc8 39. Qd2 Rxc1 40. Qxc1 Bc6
41. Qa3 f5 42. Qa2 Kf6 43. Qd2 Ke6 44. Qa2+ Kf6 45. Qd2 Ke6 46. exf5+ gxf5 47.
Bxc6 Qxc6 48. Qa2+ Qc4 49. Qxc4+ bxc4 50. a6 c3 51. a7 c2 52. a8=Q c1=Q 53.
Qg8+ Kf6 54. Qxh7 Qc2 55. Qg7+ Ke6 56. Qa7 f4 57. gxf4 exf4 58. h7 Qb2 59. Kg2
Qe5 60. Qa2+ Ke7 61. Qg8 Qe4+ 62. Kh2 1-0

[Event "41st IT Bosna 2011"]
[Site "Sarajevo"]
[Date "2011.05.09"]
[Round "6.6"]
[White "Georgiev, Kiril"]
[Black "Lupulescu, Constantin"]
[Result "1/2-1/2"]
[WhiteElo "2656"]
[BlackElo "2638"]
[PlyCount "122"]
[EventDate "2011.05.03"]

1. Nf3 c5 2. c4 Nf6 3. Nc3 d5 4. cxd5 Nxd5 5. g3 Nc6 6. Bg2 Nc7 7. O-O e5 8. d3
Be7 9. Nd2 Bd7 10. Nc4 f6 11. f4 b5 12. Ne3 Rb8 13. a4 a6 14. axb5 axb5 15.
Ned5 O-O 16. fxe5 Nxe5 17. Nxc7 Qxc7 18. Nd5 Qd8 19. Bf4 Bd6 20. d4 cxd4 21.
Qxd4 Rc8 22. Rac1 Kh8 23. Kh1 Rxc1 24. Rxc1 Bc6 25. Ne3 Bxg2+ 26. Kxg2 Qb8 27.
Qd5 Rd8 28. Nf5 Bc7 29. Qe4 g6 30. Ne7 Kg7 31. b3 Bd6 32. Bxe5 Bxe5 33. Nc6 Qb7
34. Qf3 Rc8 35. Qd5 Rc7 36. Rc5 Bb2 37. b4 Qa8 38. Kf1 Qc8 39. Kg2 Qe8 40. Qf3
f5 41. Kf2 Bf6 42. Qe3 Qc8 43. Ne7 Qd7 44. Nd5 Rxc5 45. Qxc5 Kf7 46. Ke3 Bd8
47. Kf3 Ke6 48. Nf4+ Kf7 49. Nd5 Ke6 50. Nf4+ Kf7 51. Nd3 Bf6 52. h4 Bd4 53.
Ne5+ Bxe5 54. Qxe5 h5 55. Kf2 Qc6 56. Qe3 Qc4 57. Qa7+ Kf6 58. Qb6+ Kg7 59. Qd6
Kf7 60. Ke3 Qc1+ 61. Kf2 Qc4 1/2-1/2

[Event "41st IT Bosna 2011"]
[Site "Sarajevo"]
[Date "2011.05.09"]
[Round "6.8"]
[White "Predojevic, Borki"]
[Black "Dumpor, Atif"]
[Result "1-0"]
[WhiteElo "2617"]
[BlackElo "2383"]
[PlyCount "63"]
[EventDate "2011.05.03"]

1. d4 Nf6 2. c4 e6 3. Nc3 Bb4 4. e3 c5 5. Nge2 Ne4 6. g3 Qf6 7. f4 Nc6 8. Bg2
cxd4 9. exd4 d5 10. O-O Nxd4 11. Nxd4 Bxc3 12. Nb5 Ba5 13. Be3 O-O 14. cxd5
exd5 15. Qxd5 Nd2 16. Bd4 Bb6 17. Rf2 Be6 18. Qe5 Qxe5 19. fxe5 Nc4 20. Bxb6
axb6 21. Nc7 Ra5 22. Nxe6 fxe6 23. Re2 Nxe5 24. b4 Rb5 25. a4 Ra8 26. Rae1 Rxa4
27. Rxe5 Rbxb4 28. Rxe6 h5 29. Re8+ Kh7 30. Be4+ g6 31. Re7+ Kh6 32. Re6 1-0

[Event "41st IT Bosna 2011"]
[Site "Sarajevo"]
[Date "2011.05.09"]
[Round "6.9"]
[White "Nevednichy, Vladislav"]
[Black "Kovacevic, Aleksandar"]
[Result "0-1"]
[WhiteElo "2542"]
[BlackElo "2575"]
[PlyCount "107"]
[EventDate "2011.05.03"]

1. e4 c5 2. Nf3 d6 3. d4 cxd4 4. Nxd4 Nf6 5. Nc3 a6 6. f4 Nbd7 7. Be2 g6 8. g4
Nc5 9. Nb3 b6 10. g5 Nfd7 11. Bf3 Bb7 12. h4 Bg7 13. h5 Bxc3+ 14. bxc3 Qc7 15.
hxg6 fxg6 16. Nxc5 Nxc5 17. c4 O-O-O 18. Qe2 Kb8 19. Rb1 Rc8 20. Qe3 Ka7 21.
Bd2 e6 22. Bg2 Rhf8 23. O-O Bc6 24. Bc3 Na4 25. Bb4 Nc5 26. Rbd1 Rfd8 27. Rf2
Rd7 28. Rfd2 Rcd8 29. Bc3 e5 30. f5 gxf5 31. exf5 Na4 32. Bh3 Rg8 33. Bb4 Nb2
34. f6 Nxd1 35. Rxd1 h6 36. Bxd7 Qxd7 37. Rxd6 Qg4+ 38. Kf2 Qg2+ 39. Ke1 Qh1+
40. Kd2 Rxg5 41. Ba5 Rg2+ 42. Kc3 Qa1+ 43. Kb4 Qb1+ 44. Qb3 bxa5+ 45. Kc5 Qxb3
46. cxb3 Bb7 47. Re6 Rf2 48. Kd6 Bc8 49. Re7+ Kb8 50. f7 e4 51. c5 e3 52. Kc6
Rf6+ 53. Kd5 e2 54. Kd4 0-1

[Event "41st IT Bosna 2011"]
[Site "Sarajevo"]
[Date "2011.05.09"]
[Round "6.11"]
[White "Ivanisevic, Ivan"]
[Black "Slingerland, Fred"]
[Result "1-0"]
[WhiteElo "2648"]
[BlackElo "2415"]
[PlyCount "37"]
[EventDate "2011.05.03"]

1. d4 d5 2. c4 dxc4 3. e4 e5 4. Nf3 exd4 5. Bxc4 Nc6 6. Qb3 Bb4+ 7. Nbd2 Qf6 8.
O-O Nge7 9. e5 Qg6 10. Bd3 Qh5 11. Ne4 Be6 12. Qa4 Bd5 13. h3 Bxe4 14. Bxe4 Bc5
15. b4 Bb6 16. Bg5 Rb8 17. Rae1 a6 18. Kh2 O-O 19. g4 1-0

[Event "41st IT Bosna 2011"]
[Site "Sarajevo"]
[Date "2011.05.09"]
[Round "6.12"]
[White "Bogut, Zeljko"]
[Black "Smeets, Jan"]
[Result "1/2-1/2"]
[WhiteElo "2433"]
[BlackElo "2647"]
[PlyCount "85"]
[EventDate "2011.05.03"]

1. e4 c5 2. Nf3 d6 3. c3 Nf6 4. Be2 g6 5. O-O Bg7 6. h3 O-O 7. d3 Nc6 8. Nbd2
e5 9. Re1 d5 10. Bf1 h6 11. g3 Re8 12. Bg2 Be6 13. exd5 Nxd5 14. Nc4 Qc7 15.
Qe2 Rad8 16. a4 Nb6 17. Nfd2 Nxc4 18. Nxc4 Bf5 19. Be4 Bxh3 20. Be3 Ne7 21. b4
cxb4 22. Bxa7 Nc8 23. Be3 f5 24. Bh1 f4 25. Bd2 fxg3 26. Be4 bxc3 27. Bxc3 Qc5
28. Qe3 gxf2+ 29. Qxf2 Qxf2+ 30. Kxf2 Bf5 31. Bxb7 Bxd3 32. Nxe5 Bf5 33. Ba5
Rd4 34. Nxg6 Bxg6 35. Rxe8+ Bxe8 36. Bxc8 Bf7 37. Bc3 Rc4 38. Bxg7 Kxg7 39. Bb7
Rc7 40. Rb1 Rc2+ 41. Ke3 Rc3+ 42. Kd2 Ra3 43. Bc6 1/2-1/2

[Event "41st IT Bosna 2011"]
[Site "Sarajevo"]
[Date "2011.05.09"]
[Round "6.13"]
[White "Bejtovic, Jasmin"]
[Black "Erdos, Viktor"]
[Result "1/2-1/2"]
[WhiteElo "2413"]
[BlackElo "2609"]
[PlyCount "48"]
[EventDate "2011.05.03"]

1. e4 e6 2. d3 c5 3. g3 d5 4. Nd2 Nc6 5. Bg2 Nf6 6. Ngf3 Be7 7. O-O Qc7 8. Re1
b6 9. c3 Bb7 10. Qe2 h6 11. a3 a5 12. exd5 Nxd5 13. a4 O-O 14. Nc4 Rad8 15.
Nfe5 Nxe5 16. Nxe5 Nf6 17. Bxb7 Qxb7 18. Nc4 Nd5 19. Qf3 Qc7 20. Qg4 Kh8 21.
Qh5 Nf6 22. Qf3 Nd5 23. Qh5 Nf6 24. Qf3 Nd5 1/2-1/2

[Event "41st IT Bosna 2011"]
[Site "Sarajevo"]
[Date "2011.05.09"]
[Round "6.14"]
[White "Kadric, Denis"]
[Black "Esen, Baris"]
[Result "1-0"]
[WhiteElo "2376"]
[BlackElo "2553"]
[PlyCount "41"]
[EventDate "2011.05.03"]

1. e4 c5 2. Nf3 d6 3. d4 cxd4 4. Nxd4 Nf6 5. Nc3 a6 6. Bc4 e6 7. Bb3 Nbd7 8.
Bg5 Nc5 9. f4 Be7 10. Qf3 Qc7 11. f5 Bd7 12. O-O O-O 13. Kh1 b5 14. a3 Nxb3 15.
cxb3 Qb7 16. Qh3 Rac8 17. Rad1 b4 18. axb4 Qxb4 19. Rf4 e5 20. Rh4 exd4 21. Nd5
1-0

[Event "41st IT Bosna 2011"]
[Site "Sarajevo"]
[Date "2011.05.09"]
[Round "6.17"]
[White "Kurajica, Bojan"]
[Black "Kozarcanin, Sead"]
[Result "1-0"]
[WhiteElo "2531"]
[BlackElo "2131"]
[PlyCount "79"]
[EventDate "2011.05.03"]

1. d4 d5 2. c4 c6 3. Nf3 Nf6 4. Qb3 dxc4 5. Qxc4 b5 6. Qc2 Bb7 7. e4 Nbd7 8. e5
Nd5 9. e6 fxe6 10. Bd3 N7f6 11. a3 Qb6 12. O-O Rd8 13. Ne5 Rd6 14. Be3 Nxe3 15.
fxe3 Rxd4 16. exd4 Qxd4+ 17. Kh1 Qxe5 18. Nd2 g6 19. Rae1 Qd6 20. Nf3 Rg8 21.
Ne5 a6 22. b4 Bh6 23. Qf2 Qc7 24. Bb1 Rf8 25. Qg3 Kd8 26. Qh3 Bd2 27. Re2 Bg5
28. Rd1+ Kc8 29. Qxe6+ Kb8 30. Nf3 Bc8 31. Qxe7 Qxe7 32. Rxe7 Ng4 33. Re2 Be3
34. Rde1 Bb6 35. h3 Nf6 36. Rc1 Nh5 37. Re7 Bxh3 38. Rxc6 Bf2 39. gxh3 Rxf3 40.
Be4 1-0

[Event "41st IT Bosna 2011"]
[Site "Sarajevo"]
[Date "2011.05.09"]
[Round "6.18"]
[White "Konjicanin, Muris"]
[Black "Yilmaz, Mustafa"]
[Result "0-1"]
[WhiteElo "2261"]
[BlackElo "2489"]
[PlyCount "122"]
[EventDate "2011.05.03"]

1. d4 Nf6 2. Nf3 e6 3. c4 c5 4. Nc3 cxd4 5. Nxd4 Nc6 6. e3 Be7 7. Be2 O-O 8.
O-O a6 9. b3 d6 10. Qd2 Bd7 11. Rd1 Qb8 12. Bb2 Rd8 13. Rac1 Nxd4 14. Qxd4 b5
15. Ne4 bxc4 16. Qxc4 Ne8 17. Qd3 d5 18. Nc5 Bb5 19. Qd2 Bxe2 20. Qxe2 Qb5 21.
Nd3 a5 22. Qg4 a4 23. Nf4 Bf6 24. Bxf6 Nxf6 25. Qg5 axb3 26. axb3 h6 27. Qe5
Qxb3 28. h3 Ra2 29. Rf1 Qb8 30. Qc7 Ra7 31. Qc6 d4 32. Rb1 Qa8 33. Qxa8 Raxa8
34. exd4 Rxd4 35. Ne2 Rd2 36. Nc3 Rc8 37. Rbc1 Rc4 38. Nb1 Rdc2 39. Rxc2 Rxc2
40. Na3 Ra2 41. Nc4 Ne4 42. Ne3 Re2 43. Nc4 g5 44. g3 Kg7 45. Kg2 Ra2 46. Ne5
f6 47. Nd3 Rd2 48. Ne1 f5 49. Kf3 Ra2 50. Kg2 h5 51. Nd3 Rd2 52. Ne5 Kf6 53.
Nf3 Ra2 54. Kg1 Ra3 55. Kg2 Rxf3 56. Kxf3 Nd2+ 57. Ke2 Nxf1 58. Kxf1 Ke5 59.
Ke2 Ke4 60. f3+ Kd4 61. Kd2 f4 0-1

[Event "41st IT Bosna 2011"]
[Site "Sarajevo"]
[Date "2011.05.09"]
[Round "6.19"]
[White "Alihodzic, Muzafer"]
[Black "Djukic, Nikola"]
[Result "0-1"]
[WhiteElo "2109"]
[BlackElo "2486"]
[PlyCount "44"]
[EventDate "2011.05.03"]

1. e4 c5 2. g3 g6 3. Bg2 Bg7 4. Ne2 Nc6 5. O-O e6 6. Nbc3 Nge7 7. d3 O-O 8. h3
d6 9. Rb1 b6 10. Bg5 h6 11. Bd2 Bb7 12. Qc1 Kh7 13. Nd1 Qd7 14. Ne3 f5 15. Nf4
e5 16. Nxg6 Kxg6 17. Nxf5 Nxf5 18. exf5+ Rxf5 19. Be4 Nd4 20. Qd1 Bxe4 21. Qg4+
Kh7 22. dxe4 Rf7 0-1

[Event "41st IT Bosna 2011"]
[Site "Sarajevo"]
[Date "2011.05.09"]
[Round "6.20"]
[White "Terzic, Ilijas"]
[Black "Fauland, Alexander"]
[Result "0-1"]
[WhiteElo "2224"]
[BlackElo "2478"]
[PlyCount "94"]
[EventDate "2011.05.03"]

1. d4 Nf6 2. Nf3 c5 3. d5 e6 4. c4 exd5 5. cxd5 d6 6. Nc3 g6 7. Nd2 Nbd7 8. g3
Bg7 9. Nc4 Nb6 10. Ne3 O-O 11. Bg2 Nh5 12. a4 f5 13. a5 Nd7 14. Nc4 Ne5 15.
Nxe5 Bxe5 16. e3 Bd7 17. Qb3 b5 18. axb6 axb6 19. Rxa8 Qxa8 20. f4 Bxc3+ 21.
Qxc3 Bb5 22. b3 Nf6 23. Bb2 Qa5 24. Kd2 Qxc3+ 25. Bxc3 Ne4+ 26. Bxe4 fxe4 27.
Ra1 Rf5 28. Ra8+ Kf7 29. Ra7+ Kf8 30. Rxh7 Rxd5+ 31. Kc2 Rd3 32. Rh8+ Ke7 33.
Rh7+ Ke6 34. Rg7 Be8 35. Bd2 Bf7 36. Rh7 d5 37. g4 d4 38. f5+ gxf5 39. gxf5+
Kf6 40. Rh6+ Kxf5 41. Rxb6 dxe3 42. Be1 e2 43. Rb5 Rd1 44. Rxc5+ Bd5 45. b4
Rxe1 46. Kd2 Rb1 47. Kxe2 Ke5 0-1

[Event "41st IT Bosna 2011"]
[Site "Sarajevo"]
[Date "2011.05.09"]
[Round "6.21"]
[White "Solak, Dragan"]
[Black "Prohaszka, Peter"]
[Result "1-0"]
[WhiteElo "2588"]
[BlackElo "2547"]
[PlyCount "51"]
[EventDate "2011.05.03"]

1. e4 c6 2. c4 d5 3. exd5 cxd5 4. cxd5 Nf6 5. Nc3 Nxd5 6. Nf3 Nxc3 7. bxc3 g6
8. d4 Bg7 9. Bd3 O-O 10. O-O Nc6 11. Re1 Bg4 12. Be4 e5 13. d5 f5 14. Bc2 e4
15. dxc6 exf3 16. cxb7 Rb8 17. Bb3+ Kh8 18. Qxd8 Rfxd8 19. Re7 fxg2 20. Bf4 Bf3
21. Bxb8 Rxb8 22. Rae1 Be4 23. Rc7 Be5 24. Rc8+ Kg7 25. Rxb8 Bxb8 26. Rd1 1-0

[Event "41st IT Bosna 2011"]
[Site "Sarajevo"]
[Date "2011.05.09"]
[Round "6.22"]
[White "Jakovljevic, Vlado"]
[Black "Rapport, Richard"]
[Result "0-1"]
[WhiteElo "2390"]
[BlackElo "2552"]
[PlyCount "80"]
[EventDate "2011.05.03"]

1. Nf3 Nf6 2. c4 d6 3. d4 g6 4. g3 Bg7 5. Bg2 O-O 6. O-O Nc6 7. Nc3 Rb8 8. Qd3
Bd7 9. d5 Nb4 10. Qd1 a5 11. a3 Na6 12. Nd4 e5 13. dxe6 fxe6 14. b3 Qe7 15. Bb2
c6 16. e4 e5 17. Nc2 Bg4 18. f3 Be6 19. Ne3 h5 20. Qc2 h4 21. g4 Nh7 22. Rad1
Rf7 23. h3 Ng5 24. Rf2 Rbf8 25. Rdf1 Bc8 26. Ne2 Nc5 27. Bc3 b6 28. b4 axb4 29.
axb4 Nce6 30. Qd3 Bh6 31. Bb2 Ba6 32. b5 Nc5 33. Qa3 Bb7 34. bxc6 Bxc6 35. Nd5
Bxd5 36. cxd5 b5 37. Nc1 b4 38. Qxb4 Ngxe4 39. Re2 Ng3 40. Ref2 Nxf1 0-1

[Event "41st IT Bosna 2011"]
[Site "Sarajevo"]
[Date "2011.05.09"]
[Round "6.23"]
[White "Abergel, Thal"]
[Black "Rasidovic, Sead"]
[Result "1-0"]
[WhiteElo "2506"]
[BlackElo "2380"]
[PlyCount "95"]
[EventDate "2011.05.03"]

1. e4 e6 2. d4 d5 3. Nd2 Nf6 4. e5 Nfd7 5. Bd3 c5 6. c3 Nc6 7. Ngf3 b6 8. O-O
Bb7 9. Re1 Be7 10. Nf1 g5 11. h3 h5 12. Be3 g4 13. hxg4 hxg4 14. N3h2 Qc7 15.
Nxg4 O-O-O 16. f4 Rdg8 17. Rc1 f5 18. Ngh2 Bh4 19. Bf2 Qd8 20. g3 Kb8 21. Nf3
Be7 22. Kg2 Nf8 23. Ne3 Ng6 24. Kf1 Rh3 25. Ke2 Rgh8 26. a3 Qe8 27. Kd2 Na5 28.
Bf1 R3h7 29. b4 Nc4+ 30. Nxc4 dxc4 31. Bxc4 Qc6 32. Be2 Rd8 33. Qb3 Qd7 34.
bxc5 Bxc5 35. Kc2 Be7 36. Kb2 Bd5 37. c4 Bc6 38. Rh1 Rg7 39. Ka1 Qb7 40. Rhd1
Rh7 41. d5 exd5 42. Nd4 dxc4 43. Qxc4 Bd5 44. Qa4 Rh1 45. Rxh1 Bxh1 46. Ba6 Qa8
47. Qd7 Qb7 48. Bxb7 1-0

[Event "41st IT Bosna 2011"]
[Site "Sarajevo"]
[Date "2011.05.09"]
[Round "6.24"]
[White "Lafuente, Pablo"]
[Black "Mrndjic, Muamer"]
[Result "1-0"]
[WhiteElo "2555"]
[BlackElo "2182"]
[PlyCount "125"]
[EventDate "2011.05.03"]

1. d4 d5 2. c4 c6 3. Nf3 Nf6 4. e3 Bf5 5. Nc3 e6 6. Nh4 Bg6 7. g3 Nbd7 8. Nxg6
hxg6 9. Qe2 Bb4 10. Bd2 O-O 11. Bg2 Re8 12. O-O e5 13. dxe5 Nxe5 14. cxd5 Bxc3
15. Bxc3 Nxd5 16. Bd4 Qa5 17. Rfd1 Rad8 18. Qc2 Nf6 19. h3 a6 20. a4 Qb4 21. b3
Ned7 22. Rd3 Qe7 23. Rad1 Rc8 24. Bb2 Nf8 25. e4 Rcd8 26. Ba3 Qc7 27. Bd6 Qc8
28. e5 N6d7 29. f4 a5 30. Qd2 Ne6 31. Qxa5 b6 32. Qc3 c5 33. Qc4 Nb8 34. Qb5
Nd7 35. Rc1 Kh7 36. h4 f6 37. Be4 Kh6 38. Rdd1 Ndf8 39. Qxb6 Nxf4 40. gxf4 Qg4+
41. Bg2 Ne6 42. Qc6 Nxf4 43. Qf3 Qxh4 44. Rc4 fxe5 45. Rxf4 exf4 46. Qxf4+ g5
47. Qxh4+ gxh4 48. Bc6 Rg8 49. a5 g5 50. a6 h3 51. a7 Kh5 52. Rd5 Rc8 53. Bb7
Rce8 54. Rxc5 Kh4 55. Kf2 Rd8 56. Bg3+ Kh5 57. Bf3+ Kg6 58. Rc6+ Kf5 59. Rc5+
Kg6 60. Ra5 Rgf8 61. a8=Q Rxa8 62. Rxa8 Rf6 63. Ra4 1-0